• 首页
  • 本馆介绍
  • 公告通知
  • 最新文献
  • 馆藏检索
  • 电子资源
  • 读者导购
  • 参考咨询
  • 我的图书馆
  • 登录
  • 详细信息显示
  • 放入我的书架
  • 预约/预借图书
  • 作者相关作品
  • 分类相关作品
  • 丛书相关作品
  • 出版社相关作品

书目信息

  • 表格格式
  • 工作单格式
  • 卡片格式
题名:
晚清史治要
    
 
作者: 戚其章 著
分册:  
出版信息: 北京   中华书局  2007
页数: 394页
开本: 24cm
丛书名:
单 册:
中图分类: K252.07
科图分类:
主题词: 清后期--历史--研究 , 清后期 , 历史
电子资源:
ISBN: 978-7-101-05495-8
000 00764nam0 2200241 450
001 1235202732
005 20121013094705.07
010    @a978-7-101-05495-8@dCNY48.00
100    @a20070327d2007 em y0chiy50 ea
101 0  @achi
102    @aCN@b110000
105    @ay z 000yy
200 1  @a晚清史治要@Awan qing shi zhi yao@f戚其章著
210    @a北京@c中华书局@d2007
215    @a394页@d24cm
330    @a本书就晚清近代化的启动与挫折、社会思潮的演变、从洋务运动到瓜分危机的历程、教案与义和团发展的轨迹等几个重要方面,多视角地对晚清社会历史进行考察。
606 0  @a清后期@x历史@x研究
606 0  @a清后期
606 0  @a历史
690    @aK252.07@v4
701  0 @a戚其章@Aqi qi zhang@f(1925~)@4著
801  0 @aCN@bNLC@c20101222
905    @a10447@dK252.07@eJY74
    
    晚清史治要/戚其章著.-北京:中华书局,2007
    394页;24cm
    
    
    ISBN 978-7-101-05495-8:CNY48.00
    本书就晚清近代化的启动与挫折、社会思潮的演变、从洋务运动到瓜分危机的历程、教案与义和团发展的轨迹等几个重要方面,多视角地对晚清社会历史进行考察。
●
相关链接 在E读中查询图书 在五车中查询图书 在当当中查询图书 在豆瓣中查询图书


正题名:晚清史治要     索取号:K252.07/JY74         预约/预借

序号 登录号 条形码 馆藏地/架位号 状态 备注
1 7822275   278222754   学院路分馆/ [索取号:K252.07/JY74] 在馆    
2 7822276   278222763   学院路分馆/ [索取号:K252.07/JY74] 在馆    
唐山师范学院图书馆 欢迎您!
大连网信软件有限公司© 版权所有